01018nam a2200217 a 4500008004100000041000800041092001700049100003300066245011300099250001100212260005000223300001100273500014800284590003700432653005700469653003200526653004400558942001200602999001500614952017100629170302t1991 ag ||||f |||| 001 0 spa d aspa c172l85sTUL1 aTulian, Domingo Carlos93178 4aLos derechos humanos.bMovimiento social. Conciencia historica. Realidad jurídica /cDomingo Carlos Tulian a1a ed. aBuenos Aires:bLa colmena ; Hvmanitas;c1991. a146 p. aTulian, D. C. (1991). Los derechos humanos. Movimiento social. Conciencia histórica. Realidad jurídica. (1a ed.). Buenos Aires : Humanitas. aDonacion Dora Vera,febrero 2017. 3aEl movimiento de la sociedad, el Estado y el Derecho 5a¿Una realidad muy antigua? 3aEl interés propio en el derecho ajeno 2ddccBK c2389d2389 00102ddc4070aBFMbBFMcCRd2017-03-02eDonacion Dora Vera, febrero 2017.l0o172 85 TULp3816r2017-03-02tEj.1w2017-03-02yBKzDonacion Dora Vera, febrero 2017.